Top 10 Least Known Countries - Statistics

General Stats
  • This quiz has been taken 33 times
  • The average score is 6 of 10
Answer Stats
Answer % Correct
Nauru
82%
Tuvalu
82%
Comoros
68%
East Timor
61%
Sao Tome and Principe
61%
Bhutan
54%
Brunei
46%
Equatorial Guinea
39%
Kyrgyzstan
39%
Tajikistan
39%
No matching quizzes found
Score Distribution
Percent of People with Each Score
Percentile by Number Answered
Your Score History
You have not taken this quiz